00429 2200169 4500001002100000008004100021035002000062245004400082100002800126250000600154260004000160300001200200084001400212082000800226650001300234990001200247INLIS000000000000811 ind  a0010-0524000046 aSirah NabawiyahcSyaikh Shafiyyurrahman aShafiyyurrahman, Syaikh a1 aJakarta :bPustaka Al Kautsarc2020 a600 hlm a200 SYA s a200 aNonFiksi a0740659